MDQL
is popping MORE tags! Check the
thread
!
Quizzes
Events
Quiz Creation
Community
Videos
Private Events
Remove Ads
Sign In
Join for FREE
Feedback
Dark Mode
Quiz Categories
Sports
Geography
Music
Movies
Television
Just For Fun
Miscellaneous
History
Literature
Language
Science
Gaming
Entertainment
Religion
Holiday
For Kids
Quiz Lab
Recent
Popular Today
Quiz Kudos Today
Editor Picks
Curator Picks
Quizzes by...
Day
Popularity
Type
Ratings
Length
Year
Community
Subscriptions
Recent Discussions
Orange Saloon
Badges
Playlists
Quests
Create
Leaderboards
Showdown
Live 5
Trivia Bingo
Activity
Puzzle Library
Sporcle Events
Private Events
Virtual Trivia
Globe League
Become a Host
Pub Owners
SporcleCon
Opinionation
Our Games
Videos
Blog
Mobile Apps
Partnerships
Remove Ads and Go Orange
Feedback
Sports
Athletes
MLB
NBA
NHL
NFL
Soccer
Sports Teams
WWE
NCAA
Football
Premier League
Basketball
Baseball
Hockey
Golf
Tennis
Cricket
Rugby
Auto Racing
Olympics
World Cup
Sports
Athletes
MLB
NBA
NHL
NFL
Soccer
Sports Teams
WWE
NCAA
Football
Premier League
Basketball
Baseball
Hockey
Golf
Tennis
Cricket
Rugby
Auto Racing
Olympics
World Cup
Random Quiz
Search Sporcle
×
Quiz Lab
Quiz Lab
Sports
NBA
Type in answers that appear in a list
Type in answers that appear in a list
Classic
Best Score? Go Orange.
NBA Best 3P, FG and FT Pct (Active Players) Stats
Can you name the NBA Best 3P, FG and FT Pct (Active Players)
By
nicok
15m
150 Questions
189 Plays
189 Plays
189 Plays
Comments
Comments
Give Quiz Kudos
Give Quiz Kudos
-
- Ratings
hide this ad
More Info
Replay
Link that replays current quiz
Next Quiz
Link to next quiz in quiz playlist
You Got
0%
They Got
Avg Score
48%
Avg Friend Score
Upgrade to see
Score Distribution
Jump to the score distribution portion of the page
Score
0/150
Timer
15:00
0
Plays Today
% Correct
Stephen Curry
93.1%
LeBron James
91%
Mike James
91%
Ray Allen
82%
Ray Allen
82%
Kevin Durant
81.5%
Kevin Durant
81.5%
Klay Thompson
81%
Steve Nash
78.8%
Steve Nash
78.8%
Steve Nash
78.8%
Dwight Howard
78.3%
Juwan Howard
78.3%
Dwyane Wade
77.2%
David West
75.1%
Kyle Korver
75.1%
David West
75.1%
Russell Westbrook
74.1%
Dirk Nowitzki
72.5%
Dirk Nowitzki
72.5%
Dirk Nowitzki
72.5%
James Harden
72%
Pau Gasol
71.4%
Tim Duncan
71.4%
Tony Parker
71.4%
Chris Paul
69.8%
Mo Williams
69.8%
Mo Williams
69.8%
Chris Paul
69.8%
Deron Williams
69.8%
Carmelo Anthony
69.8%
Marvin Williams
69.8%
Louis Williams
69.8%
Paul Pierce
69.3%
Kevin Garnett
68.3%
Chris Bosh
68.3%
Manu Ginobili
68.3%
Chris Bosh
68.3%
Kevin Garnett
68.3%
Kobe Bryant
67.7%
Danny Green
67.2%
Joe Johnson
67.2%
Mike MIller
65.1%
Kevin Love
65.1%
Andre Miller
65.1%
Tyson Chandler
64%
Blake Griffin
64%
LaMarcus Aldridge
58.2%
Amare Stoudemire
57.7%
Vince Carter
57.7%
% Correct
Vince Carter
57.7%
David Lee
55.6%
Zach Randolph
55%
Courtney Lee
55%
Carlos Boozer
54.5%
Rajon Rondo
54%
Damian Lillard
53.4%
Stephen Jackson
53.4%
Al Horford
52.9%
Brook Lopez
52.9%
Al Jefferson
52.9%
Gerald Wallace
52.9%
RIchard Jefferson
52.9%
Jarrett Jack
52.9%
Brook Lopez
52.9%
Jose Calderon
51.9%
Jose Calderon
51.9%
James Jones
51.3%
Jermaine O'neal
50.8%
Ben Gordon
50.8%
Ben Gordon
50.8%
Paul Millsap
50.3%
Thaddeus Young
50.3%
Caron Butler
50.3%
Kyle Lowry
50.3%
Shawn Marion
49.7%
Jamal Crawford
49.7%
Shawn Marion
49.7%
Kenyon Martin
49.2%
Kevin Martin
49.2%
Kevin Martin
49.2%
Rashard Lewis
48.1%
Rashard Lewis
48.1%
Andrew Bogut
47.1%
Jameer Nelson
46.6%
Chauncey Billups
46%
Chauncey Billups
46%
DeMar DeRozan
45.5%
Nene Hilario
43.9%
Elton Brand
43.9%
Jason Terry
43.9%
Jason Terry
43.9%
J.J. Redick
42.9%
Ryan Anderson
42.9%
O.J. Mayo
41.8%
Ty Lawson
41.3%
Nicolas Batum
40.7%
Richard Hamilton
40.7%
Shane Battier
40.2%
Andrea Bargnani
39.7%
% Correct
Lamar Odom
39.2%
Danny Granger
39.2%
Jrue Holiday
39.2%
Danny Granger
39.2%
Devin Harris
37.6%
Raymond Felton
37.6%
Emeka Okafor
35.4%
Derek Fisher
34.9%
Andrei Kirilenko
34.4%
Hedo Turkoglu
34.4%
Hedo Turkoglu
34.4%
Udonis Haslem
33.9%
Daniel Gibson
32.8%
Kirk Hinrich
32.8%
Kirk Hinrich
32.8%
Wesley Matthews
32.3%
Luis Scola
30.2%
Chris Kaman
30.2%
Marcus Camby
28%
Rodney Stuckey
25.9%
Steve Novak
25.4%
Arron Afflalo
25.4%
Matt Bonner
24.9%
Channing Frye
24.9%
Samuel Dalembert
24.3%
Steve Blake
24.3%
Boris Diaw
23.3%
Gary Neal
22.2%
Jared Dudley
22.2%
Mike Dunleavy
22.2%
Randy Foye
21.2%
Corey Maggette
20.6%
Anthony Morrow
20.1%
Brendan Haywood
19.6%
Marco Belinelli
19.6%
Luke Ridnour
18.5%
Andray Blatche
18%
John Salmons
18%
Jerry Stackhouse
15.9%
Leandro Barbosa
15.3%
C.J. Watson
15.3%
Ramon Sessions
14.3%
Martell Webster
13.8%
Drew Gooden
13.2%
Nazr Mohammed
9%
Roger Mason
9%
Brandon Rush
7.9%
Brian Cook
7.4%
Vladimir Radmanovic
6.9%
Chris Wilcox
5.3%
Quiz Playlist
Details
Report
Send in Message
Add To Playlist
More Info:
Active Players with the best 3P %, FG %, and FT % in his career.
Classic:
Type in answers that appear in a list
Quiz Source
Last Updated: Feb 16, 2017
Quiz Scoreboard
CHALLENGE
Sign Up to Join the Scoreboard
Show All
Scores
Hide
Comments
May contain spoilers
Recently Published
Find the 'City' Movie
by crazypaving
Movies
60s
5x2 Blitz: Bands
by SL_Kpop136
Music
30s
Colored Red Africa Blitz
by spor1
Geography
30s
More to Explore
Quiz From the Vault
Featured Blog Post
14 Easter Pick-up Lines to Find Eggs With
hide this ad
You Might Also Like...
Tags
Basketball Quiz
NBA Quiz
3pt
FG Leaders
fgs
FG Season
NBA Player
pct
Today's Top Quizzes in Sports
Browse Sports
hide this ad
Today's Top Quizzes in NBA
Browse NBA
Top Contributed Quizzes in Sports
1
Les entraîneurs de l'OM et du PSG au 21e siècle
2
Les meilleurs buteurs des matchs entre le PSG et l’OM
3
Les joueurs passés par le PSG et l'OM
4
Players with Multiple 50 Home Run Seasons
5
2022 World Cup Stars
6
Criteria MLB: Left Handed Sluggers
7
NBA Logic Puzzle 2.0
8
MLB Players with Two .350 Batting Average Seasons
9
Top 10 NHL Goal Scorers of All Time
10
Les joueurs passés par le LOSC et le RC Lens
Explore More
Trending Topics
Kpop
Anime
Crossword
Disney
Marvel
Harry Potter
NBA
Puzzle
Soccer
Country
The Office
Song
NFL
Pokémon
WWE
hide this ad
More By:
nicok
Quiz
Plays
Rating
Category
Featured
Created
New Player in the NBA Logo
717
4.75
Sports
Jun 8, 2017
NBA Players Cartoons (slideshow)
653
4.73
Sports
Jan 13, 2014
ESPN's World Fame 100
563
4.71
Sports
Jun 1, 2016
Jugadores de la era Tabarez
516
5.00
Sports
Jan 22, 2022
NBA Players Who Wore Uniform Number 0
473
5.00
Sports
Apr 8, 2015
Go to Creator's Profile
Score Distribution
Quiz Creator Spotlight
nicok
Follow
Send a Message
Quizzes Created
-
Created Quiz Play Count
-
More By This Creator
Popular Quizzes Today
1
Colored Red Africa Blitz
2
Find the 'City' Movie
3
Find the US States - No Outlines Minefield
4
5x2 Blitz: Bands
5
The Countries of the World
6
Find the US States
7
US States
8
Find the Countries of Europe - No Outlines Minefield
More Sports Quizzes
Indian Batsmen with ODI Hundreds vs Pakistan
Quiz Lab
Trending Quizzes
Colored Red Europe Blitz I
Colored Red Africa Blitz II
Colored Red Europe Blitz II
Colored Red Europe Blitz III
Colored Red Africa Blitz III
Recently Updated
How Do You Spell That?
pecheneg
Godzilla Movies
pecheneg
Grab Bag: 4-10 Letters
pecheneg
2024 March Madness Bracket
pecheneg
Famous TV Couples
Peacemaker
Champions League XIs: Real Madrid
pecheneg
Largest US Cities 1790-2010
pecheneg
Rides in Walt Disney World
pecheneg
Most Oscar Losses (Acting)
pecheneg
Beyoncé Albums
pecheneg
Trending Topics
Anime
Kpop
Disney
NBA
Marvel
Harry Potter
Crossword
Puzzle
Song
Country
Soccer
WWE
Pokémon
NFL
The Office
Your Account Isn't Verified!
In order to create a playlist on Sporcle, you need to verify the email address you used during registration. Go to your
Sporcle Settings
to finish the process.
Report this User
Report this user for behavior that violates our
Community Guidelines
.
Details:
Send Report
Go to the Sporcle.com Mobile Site →
Comments